<?xml version="1.0" encoding="UTF-8"?>
<record
    xmlns:xsi="http://www.w3.org/2001/XMLSchema-instance"
    xsi:schemaLocation="http://www.loc.gov/MARC21/slim http://www.loc.gov/standards/marcxml/schema/MARC21slim.xsd"
    xmlns="http://www.loc.gov/MARC21/slim">

  <leader>00856nam a2200253Ia 4500</leader>
  <controlfield tag="005">20220719114703.0</controlfield>
  <controlfield tag="008">210716s2011    xx            000 0 und d</controlfield>
  <datafield tag="020" ind1=" " ind2=" ">
    <subfield code="a">9780070151543</subfield>
  </datafield>
  <datafield tag="040" ind1=" " ind2=" ">
    <subfield code="c">AIMIT LIBRARY</subfield>
  </datafield>
  <datafield tag="041" ind1=" " ind2=" ">
    <subfield code="a">eng</subfield>
  </datafield>
  <datafield tag="082" ind1=" " ind2=" ">
    <subfield code="a">519.2 </subfield>
    <subfield code="2">3</subfield>
    <subfield code="b">SPIM</subfield>
  </datafield>
  <datafield tag="100" ind1=" " ind2=" ">
    <subfield code="a">Spiegel, Murray R.</subfield>
    <subfield code="9">51127</subfield>
  </datafield>
  <datafield tag="245" ind1=" " ind2=" ">
    <subfield code="a">Probability and statistics /</subfield>
    <subfield code="c">By Murray R Spiegel, John J Schiller and R Alu Srinivasan.</subfield>
  </datafield>
  <datafield tag="250" ind1=" " ind2=" ">
    <subfield code="a">3rd ed.</subfield>
  </datafield>
  <datafield tag="260" ind1=" " ind2=" ">
    <subfield code="a">New Delhi :</subfield>
    <subfield code="b">Tata McGraw Hill Education Private Limited ,</subfield>
    <subfield code="c">2011.</subfield>
  </datafield>
  <datafield tag="300" ind1=" " ind2=" ">
    <subfield code="a">xiv,11.50,I-5p. ;</subfield>
    <subfield code="c">24 cm.</subfield>
  </datafield>
  <datafield tag="650" ind1=" " ind2=" ">
    <subfield code="a">Random variables and probability distributions</subfield>
    <subfield code="9">51128</subfield>
  </datafield>
  <datafield tag="650" ind1=" " ind2=" ">
    <subfield code="a">Statistics</subfield>
    <subfield code="9">51129</subfield>
  </datafield>
  <datafield tag="650" ind1=" " ind2=" ">
    <subfield code="a">Nonparametric tests</subfield>
    <subfield code="9">51130</subfield>
  </datafield>
  <datafield tag="650" ind1=" " ind2=" ">
    <subfield code="a">Bayesian methods</subfield>
    <subfield code="9">51131</subfield>
  </datafield>
  <datafield tag="700" ind1=" " ind2=" ">
    <subfield code="a">Schiller, John J.</subfield>
    <subfield code="9">51132</subfield>
  </datafield>
  <datafield tag="700" ind1=" " ind2=" ">
    <subfield code="a">Srinivasan, R Alu.</subfield>
    <subfield code="9">51133</subfield>
  </datafield>
  <datafield tag="942" ind1=" " ind2=" ">
    <subfield code="2">ddc</subfield>
    <subfield code="c">BK</subfield>
    <subfield code="e">3rd</subfield>
    <subfield code="k">519.2 SPIM</subfield>
  </datafield>
  <datafield tag="999" ind1=" " ind2=" ">
    <subfield code="c">192259</subfield>
    <subfield code="d">192259</subfield>
  </datafield>
  <datafield tag="952" ind1=" " ind2=" ">
    <subfield code="0">0</subfield>
    <subfield code="1">0</subfield>
    <subfield code="2">ddc</subfield>
    <subfield code="4">0</subfield>
    <subfield code="7">0</subfield>
    <subfield code="8">MCA</subfield>
    <subfield code="a">AIMIT</subfield>
    <subfield code="b">AIMIT</subfield>
    <subfield code="e">Higginbothams Pvt Ltd</subfield>
    <subfield code="g">335.00</subfield>
    <subfield code="i">Bill no:2031; Bill dt:2012-03-01</subfield>
    <subfield code="l">1</subfield>
    <subfield code="o">519.2 SPIM</subfield>
    <subfield code="p">MCA11648</subfield>
    <subfield code="r">2025-07-21 00:00:00</subfield>
    <subfield code="s">2024-11-06</subfield>
    <subfield code="v">251.25</subfield>
    <subfield code="w">2021-07-16</subfield>
    <subfield code="y">BK</subfield>
  </datafield>
  <datafield tag="952" ind1=" " ind2=" ">
    <subfield code="0">0</subfield>
    <subfield code="1">0</subfield>
    <subfield code="2">ddc</subfield>
    <subfield code="4">0</subfield>
    <subfield code="7">0</subfield>
    <subfield code="8">MCA</subfield>
    <subfield code="a">AIMIT</subfield>
    <subfield code="b">AIMIT</subfield>
    <subfield code="e">Higginbothams Pvt Ltd</subfield>
    <subfield code="g">335.00</subfield>
    <subfield code="i">Bill no:2031; Bill dt:2012-03-01</subfield>
    <subfield code="l">0</subfield>
    <subfield code="o">519.2 SPIM</subfield>
    <subfield code="p">MCA11649</subfield>
    <subfield code="r">2025-07-21 00:00:00</subfield>
    <subfield code="v">251.25</subfield>
    <subfield code="w">2021-07-16</subfield>
    <subfield code="y">BK</subfield>
  </datafield>
  <datafield tag="952" ind1=" " ind2=" ">
    <subfield code="0">0</subfield>
    <subfield code="1">0</subfield>
    <subfield code="2">ddc</subfield>
    <subfield code="4">0</subfield>
    <subfield code="7">0</subfield>
    <subfield code="8">MCA</subfield>
    <subfield code="a">AIMIT</subfield>
    <subfield code="b">AIMIT</subfield>
    <subfield code="e">Higginbothams Pvt Ltd</subfield>
    <subfield code="g">335.00</subfield>
    <subfield code="i">Bill no:2031; Bill dt:2012-03-01</subfield>
    <subfield code="l">0</subfield>
    <subfield code="o">519.2 SPIM</subfield>
    <subfield code="p">MCA11650</subfield>
    <subfield code="r">2025-07-21 00:00:00</subfield>
    <subfield code="v">251.25</subfield>
    <subfield code="w">2021-07-16</subfield>
    <subfield code="y">BK</subfield>
  </datafield>
  <datafield tag="952" ind1=" " ind2=" ">
    <subfield code="0">0</subfield>
    <subfield code="1">0</subfield>
    <subfield code="2">ddc</subfield>
    <subfield code="4">0</subfield>
    <subfield code="7">0</subfield>
    <subfield code="8">MCA</subfield>
    <subfield code="a">AIMIT</subfield>
    <subfield code="b">AIMIT</subfield>
    <subfield code="e">Higginbothams Pvt Ltd</subfield>
    <subfield code="g">335.00</subfield>
    <subfield code="i">Bill no:2031; Bill dt:2012-03-01</subfield>
    <subfield code="l">0</subfield>
    <subfield code="o">519.2 SPIM</subfield>
    <subfield code="p">MCA11651</subfield>
    <subfield code="r">2025-07-21 00:00:00</subfield>
    <subfield code="v">251.25</subfield>
    <subfield code="w">2021-07-16</subfield>
    <subfield code="y">BK</subfield>
  </datafield>
  <datafield tag="952" ind1=" " ind2=" ">
    <subfield code="0">0</subfield>
    <subfield code="1">0</subfield>
    <subfield code="2">ddc</subfield>
    <subfield code="4">0</subfield>
    <subfield code="7">0</subfield>
    <subfield code="8">MCA</subfield>
    <subfield code="a">AIMIT</subfield>
    <subfield code="b">AIMIT</subfield>
    <subfield code="e">Higginbothams Pvt Ltd</subfield>
    <subfield code="g">335.00</subfield>
    <subfield code="i">Bill no:2087; Bill dt:2012-03-14</subfield>
    <subfield code="l">0</subfield>
    <subfield code="o">519.2 SPIM</subfield>
    <subfield code="p">MCA11764</subfield>
    <subfield code="r">2025-07-21 00:00:00</subfield>
    <subfield code="v">251.25</subfield>
    <subfield code="w">2021-07-16</subfield>
    <subfield code="y">BK</subfield>
  </datafield>
  <datafield tag="952" ind1=" " ind2=" ">
    <subfield code="0">0</subfield>
    <subfield code="1">0</subfield>
    <subfield code="2">ddc</subfield>
    <subfield code="4">0</subfield>
    <subfield code="7">0</subfield>
    <subfield code="8">MCA</subfield>
    <subfield code="a">AIMIT</subfield>
    <subfield code="b">AIMIT</subfield>
    <subfield code="d">2021-07-16</subfield>
    <subfield code="e">Higginbothams Pvt Ltd</subfield>
    <subfield code="g">335.00</subfield>
    <subfield code="i">Bill no:2087; Bill dt:2012-03-14</subfield>
    <subfield code="l">0</subfield>
    <subfield code="o">519.2 SPIM</subfield>
    <subfield code="p">MCA11765</subfield>
    <subfield code="r">2025-07-21 00:00:00</subfield>
    <subfield code="v">251.25</subfield>
    <subfield code="w">2021-07-16</subfield>
    <subfield code="y">BK</subfield>
  </datafield>
  <datafield tag="952" ind1=" " ind2=" ">
    <subfield code="0">0</subfield>
    <subfield code="1">0</subfield>
    <subfield code="2">ddc</subfield>
    <subfield code="4">0</subfield>
    <subfield code="7">0</subfield>
    <subfield code="8">MCA</subfield>
    <subfield code="a">AIMIT</subfield>
    <subfield code="b">AIMIT</subfield>
    <subfield code="e">Higginbothams Pvt Ltd</subfield>
    <subfield code="g">335.00</subfield>
    <subfield code="i">Bill no:2087; Bill dt:2012-03-14</subfield>
    <subfield code="l">1</subfield>
    <subfield code="o">519.2 SPIM</subfield>
    <subfield code="p">MCA11766</subfield>
    <subfield code="q">2024-01-22</subfield>
    <subfield code="r">2023-12-22 00:00:00</subfield>
    <subfield code="s">2023-12-22</subfield>
    <subfield code="v">251.25</subfield>
    <subfield code="w">2021-07-16</subfield>
    <subfield code="y">BK</subfield>
  </datafield>
  <datafield tag="952" ind1=" " ind2=" ">
    <subfield code="0">0</subfield>
    <subfield code="1">0</subfield>
    <subfield code="2">ddc</subfield>
    <subfield code="4">0</subfield>
    <subfield code="7">0</subfield>
    <subfield code="8">MCA</subfield>
    <subfield code="a">AIMIT</subfield>
    <subfield code="b">AIMIT</subfield>
    <subfield code="d">2021-07-16</subfield>
    <subfield code="e">Higginbothams Pvt Ltd</subfield>
    <subfield code="g">335.00</subfield>
    <subfield code="i">Bill no:2087; Bill dt:2012-03-14</subfield>
    <subfield code="l">0</subfield>
    <subfield code="o">519.2 SPIM</subfield>
    <subfield code="p">MCA11767</subfield>
    <subfield code="r">2025-07-21 00:00:00</subfield>
    <subfield code="v">251.25</subfield>
    <subfield code="w">2021-07-16</subfield>
    <subfield code="y">BK</subfield>
  </datafield>
  <datafield tag="952" ind1=" " ind2=" ">
    <subfield code="0">0</subfield>
    <subfield code="1">0</subfield>
    <subfield code="2">ddc</subfield>
    <subfield code="4">0</subfield>
    <subfield code="7">0</subfield>
    <subfield code="8">MBA</subfield>
    <subfield code="a">AIMIT</subfield>
    <subfield code="b">AIMIT</subfield>
    <subfield code="d">2012-09-28</subfield>
    <subfield code="g">370.00</subfield>
    <subfield code="i">Bill no:1347; Bill dt:2012-09-19</subfield>
    <subfield code="l">0</subfield>
    <subfield code="o">519.2 SPIM</subfield>
    <subfield code="p">MBA10004</subfield>
    <subfield code="r">2025-07-21 00:00:00</subfield>
    <subfield code="v">370.00</subfield>
    <subfield code="w">2021-07-16</subfield>
    <subfield code="y">BK</subfield>
  </datafield>
</record>
